| 000 | 00570nam a2200157Ia 4500 | ||
|---|---|---|---|
| 008 | 151213s9999 xx 000 0 und d | ||
| 100 | _aসরোচিষ সরকার। | ||
| 245 |
_aগিড়িশচন্দ্র বড়–য়া। _cসরোচিষ সরকার। |
||
| 250 | _a১ম সং | ||
| 260 |
_aঢাকা _bবাংলা একাডেমী। _c1994 |
||
| 300 | _a4440 p. | ||
| 650 | _aBangla | ||
| 650 | _aজীবনী গ্রন্থমালা | ||
| 700 | _aসরোচিষ সরকার। | ||
| 999 |
_c2815 _d2815 |
||